ARRUPE JESUIT UNIVERSITY

CORONAVIRUS -STOP THE SPREAD - CLEAN,DISINFECT,COVER

International nationalism (Record no. 125339)

MARC details
000 -LEADER
fixed length control field 00562nam a22001577a 4500
005 - DATE AND TIME OF LATEST TRANSACTION
control field 20160926125648.0
008 - FIXED-LENGTH DATA ELEMENTS--GENERAL INFORMATION
fixed length control field 160926b xxu||||| |||| 00| 0 eng d
050 ## - LIBRARY OF CONGRESS CALL NUMBER
Classification number DT962.62D38 1967
100 ## - MAIN ENTRY--PERSONAL NAME
Personal name Day, John
9 (RLIN) 26161
245 ## - TITLE STATEMENT
Title International nationalism
Remainder of title the extra-territorial relations of Southern Rhodesia African nationalists
Statement of responsibility, etc by Day, John
260 ## - PUBLICATION, DISTRIBUTION, ETC. (IMPRINT)
Place of publication, distribution, etc London
Name of publisher, distributor, etc Routledge and Kegan Paul
Date of publication, distribution, etc 1967
300 ## - PHYSICAL DESCRIPTION
Extent 141p.;
Dimensions 19cm.
440 ## - SERIES STATEMENT/ADDED ENTRY--TITLE
Title Library of political studies
9 (RLIN) 26162
650 ## - SUBJECT ADDED ENTRY--TOPICAL TERM
Topical term or geographic name as entry element Nationalism
Geographic subdivision Rhodesia, Southern
9 (RLIN) 26163
942 ## - ADDED ENTRY ELEMENTS (KOHA)
Source of classification or shelving scheme Library of Congress Classification
Item type Monograph ( Printed materials)
Holdings
Withdrawn status Lost status Source of classification or shelving scheme Damaged status Not for loan Collection code Home library Current library Shelving location Date acquired Total Checkouts Full call number Barcode Date last seen Price effective from Koha item type
    Library of Congress Classification     Main Collection ARRUPE LIBRARY ARRUPE LIBRARY Main Collection 26/09/2016   DT962.62D38 1967 46500010081 07/12/2017 26/09/2016 Monograph ( Printed materials)

 

Arrupe Library. PO Box MP320 Mt Pleasant, Harare, Zimbabwe
263 242 745411|librarian@aju.ac.zw